[Event "Campo Grande Sul Mato op"]
[Site "Campo Grande"]
[Date "2015.09.05"]
[Round "2"]
[White "Mendonca, Erico"]
[Black "De Sa, Edivaldo Alves"]
[Result "0-1"]
[WhiteElo "1816"]
[BlackElo "1987"]
[PlyCount "82"]
[EventDate "2015.09.05"]
[EventType "swiss"]
[EventRounds "6"]
[EventCountry "BRA"]
[SourceTitle "EXT 2016"]
[Source "ChessBase"]
[SourceDate "2015.10.08"]
[SourceVersion "1"]
[SourceVersionDate "2015.10.08"]
[SourceQuality "1"]

1. d4 c5 2. c3 cxd4 3. cxd4 d5 4. e3 Nc6 5. Bd3 Nf6 6. Nd2 g6 7. f4 Bg7 8. Ngf3 Ng4 9. Qe2 Bd7 10. 0-0 0-0 11. a3 Rc8 12. h3 Nf6 13. Ne5 Nh5 14. Qf3 e6 15. Qg4 f5 16. Qe2 Nxe5 17. fxe5 Ng3 18. Qf3 Nxf1 19. Nxf1 Qb6 20. Qe2 a6 21. a4 Bh6 22. g3 Rc6 23. Qd2 Rfc8 24. b4 Qc7 25. Bb2 Qd8 26. b5 axb5 27. axb5 Rb6 28. Qb4 Qe8 29. Qa5 Rxb5 30. Bxb5 Bxb5 31. Qd2 Ba6 32. Rc1 Bc4 33. Qc3 b5 34. Ba3 Bf8 35. Nd2 Ra8 36. Nb1 Ra4 37. Bxf8 Qxf8 38. Nd2 Ra3 39. Qc2 Rxe3 40. Nxc4 bxc4 41. Kf2 Qa3 0-1